000 01869nam a22001577a 4500
041 _aukr
080 _a09
090 _bНАЗ
100 _aНазарко, Р. М.
245 _aІнформаційні технології у навчальному процесі з іноземної мови
260 _aОстрог
_bКАФ
_c2013
300 _a67
520 _aВступ. Розділ І. Ефективність використання інформаційних технологій у навчальному процесі з іноземної мови. 1.1. Новітні інформаційні технології в освіті та навчанні з іноземної мови 1.2. Сучасні підходи до використання інформаційних технологій: переваги та недоліки в навчальному процесі Висновки до розділу І Розділ ІІ. Впровадження інформаційних технологій у процес навчання іноземної мови. 2.1. Мультимедійний підручник та форми роботи з компютерними навчальними програмами на уроках англійської мови 2.2. Використання Інтернет ресурсів та електронних бібліотек на уроках іноземної мови 2.3. Використання відеоматеріалів при вивченні іноземної мови у старших класах Висновки до розділу ІІ Висновки. Список використаних джерел та літератури. Додатки.
_0методика, інформаційні технології
650 _aResearch Papers
999 _c285352
_d285352
942 _cBK